000 00419nam a2200169Ia 4500
001 23533
005 20260414150943.0
008 260414t2015||||xx |||||||||||||| ||spa||
041 _aESP
082 _a660.284
_bM84
100 _aMonsalvo Vázquez, Raúl
_eAUT
245 0 _aBalance de materia y energía. Procesos industriales
_b
260 _c2015
650 _aTCA
654 _aCII
942 _cLIB
_dJUS
_fJUS
_2ddc
_n
999 _c23533
_d23533